| 000 | 01128nam a2200313 c 4500 | ||
|---|---|---|---|
| 003 | BLK | ||
| 005 | 20230506024440.0 | ||
| 008 | 180410b bul|||||r ||||||| ||bul|| | ||
| 010 | _aKNG00170488000 | ||
| 040 | _aBLK | ||
| 041 |
_aBUL _cBUL |
||
| 080 |
_aАнглийска литература _b821.111 _x-31 _z821.111-31 |
||
| 100 | 1 |
_aРид, Томас Майн _d1818-1883 _eпърви автор _9365222 |
|
| 700 | 1 |
_aДринов, Стоян Пеев _eпрев. от англ. _9369802 |
|
| 139 |
_aРид, Томас Майн _bР 59 |
||
| 245 | 1 | 0 |
_aИзгубената сестра _cТомас Майн Рид; прев. от англ. Стоян Пеев Дринов. |
| 250 | _a2. изд. | ||
| 257 | _aBGR | ||
| 260 |
_аСофия _bЦвят _c1992 |
||
| 300 |
_a136 с. _c20 см |
||
| 380 | _aX | ||
| 490 | 1 |
_aБиблиотека Цвят за юноши _v№ 1 |
|
| 500 | _aБез сведение за ориг. загл. - 1. изд. 1920 | ||
| 852 | _aЦб 167802 | ||
| 856 | 4 |
_qpdf _u |
|
| 856 | 4 |
_qpdf _u |
|
| 942 |
_cKNG _n0 |
||
| 944 |
_aCR _c29.01.2015 _kСимона_Петрова |
||
| 944 |
_aED _c29.01.2015 _kСимона_Петрова |
||
| 999 |
_c163098 _d163098 |
||